000 00867nam a2200205 i 4500
001 185335
003 ES-MaACL
005 20241110172327.0
008 160523s1901 xxk |||| | eng d
110 2 _aBernard Quaritch (Firma)
_9159203
245 1 2 _aA catalogue of rare and valuble books comprising works on the fine arts: bibliography english literature and topography and a great variety of recent purchases :
_boffered at the net prices affixed /
_cby Bernard Quaritch.
260 _aLondon :
_bBernard Quaritch,
_c1901.
300 _a72 p. ;
_c25 cm.
594 _aPrecede al tít.: nº 209, october 1901.
610 2 4 _aBernard Quaritch (Firma)-
_vCatálogos.
_9159595
650 4 _aLibros raros-
_vBibliografías.
_9136416
852 _aES-MaACL
_jT-969-F-16
_z.- Enc. en un vol. facticio, con la cub. original
942 _2udc
999 _c185335
_d185335